Catholic University of Zimbabwe Library
Online Public Access Catalogue
(OPAC)

Homenaje a Jorge A. Suárez (Record no. 26363)

MARC details
000 -LEADER
fixed length control field 01678cam a22005054a 4500
001 - CONTROL NUMBER
control field muse84814
003 - CONTROL NUMBER IDENTIFIER
control field MdBmJHUP
005 - DATE AND TIME OF LATEST TRANSACTION
control field 20210127151612.0
006 - FIXED-LENGTH DATA ELEMENTS--ADDITIONAL MATERIAL CHARACTERISTICS
fixed length control field m o d
007 - PHYSICAL DESCRIPTION FIXED FIELD--GENERAL INFORMATION
fixed length control field cr||||||||nn|n
008 - FIXED-LENGTH DATA ELEMENTS--GENERAL INFORMATION
fixed length control field 910813s1990 mx o 00 0 spa d
010 ## - LIBRARY OF CONGRESS CONTROL NUMBER
Canceled/invalid LC control number 91182405
020 ## - INTERNATIONAL STANDARD BOOK NUMBER
International Standard Book Number 9786075640235
020 ## - INTERNATIONAL STANDARD BOOK NUMBER
Canceled/invalid ISBN 9681204328
020 ## - INTERNATIONAL STANDARD BOOK NUMBER
Canceled/invalid ISBN 9789681204327
035 ## - SYSTEM CONTROL NUMBER
System control number (OCoLC)1055633717
040 ## - CATALOGING SOURCE
Original cataloging agency MdBmJHUP
Transcribing agency MdBmJHUP
041 0# - LANGUAGE CODE
Language code of text/sound track or separate title spaeng
043 ## - GEOGRAPHIC AREA CODE
Geographic area code n-mx---
-- cl-----
050 04 - LIBRARY OF CONGRESS CALL NUMBER
Classification number PM3002
Item number .H6 1990
082 0# - DEWEY DECIMAL CLASSIFICATION NUMBER
Classification number 497
Edition number 20
245 00 - TITLE STATEMENT
Title Homenaje a Jorge A. Suárez
Remainder of title lingüística indoamericana e hispánica /
Statement of responsibility, etc. edición de Beatriz Garza Cuarón y Paulette Levy.
250 ## - EDITION STATEMENT
Edition statement 1. ed.
264 #1 - PRODUCTION, PUBLICATION, DISTRIBUTION, MANUFACTURE, AND COPYRIGHT NOTICE
Name of producer, publisher, distributor, manufacturer Colegio de Mexico,
264 #3 - PRODUCTION, PUBLICATION, DISTRIBUTION, MANUFACTURE, AND COPYRIGHT NOTICE
Name of producer, publisher, distributor, manufacturer Project MUSE,
300 ## - PHYSICAL DESCRIPTION
Extent 1 online resource (521 p.) :
Other physical details ill. ;
500 ## - GENERAL NOTE
General note Spanish and English.
504 ## - BIBLIOGRAPHY, ETC. NOTE
Bibliography, etc. note Includes bibliographical references.
506 0# - RESTRICTIONS ON ACCESS NOTE
Terms governing access Open Access
Standardized terminology for access restriction Unrestricted online access
Source of term star
588 ## - SOURCE OF DESCRIPTION NOTE
Source of description note Description based on print version record.
650 #0 - SUBJECT ADDED ENTRY--TOPICAL TERM
Topical term or geographic name entry element Spanish language
Geographic subdivision Latin America.
650 #0 - SUBJECT ADDED ENTRY--TOPICAL TERM
Topical term or geographic name entry element Indians
General subdivision Languages.
650 #0 - SUBJECT ADDED ENTRY--TOPICAL TERM
Topical term or geographic name entry element Indians of Mexico
General subdivision Languages.
655 #7 - INDEX TERM--GENRE/FORM
Genre/form data or focus term Electronic books.
Source of term local
700 1# - ADDED ENTRY--PERSONAL NAME
Personal name Levy Podolsky, Paulette.
700 1# - ADDED ENTRY--PERSONAL NAME
Personal name Garza Cuarón, Beatriz.
700 1# - ADDED ENTRY--PERSONAL NAME
Personal name Suárez, Jorge A.
710 2# - ADDED ENTRY--CORPORATE NAME
Corporate name or jurisdiction name as entry element Project Muse.
Relator term distributor
830 #0 - SERIES ADDED ENTRY--UNIFORM TITLE
Uniform title Book collections on Project MUSE.
856 40 - ELECTRONIC LOCATION AND ACCESS
Public note Full text available:
Uniform Resource Identifier <a href="https://muse.jhu.edu/book/74553/">https://muse.jhu.edu/book/74553/</a>
Holdings
Withdrawn status Lost status Source of classification or shelving scheme Damaged status Not for loan Home library Current library Shelving location Date acquired Total Checkouts Full call number Date last seen Uniform Resource Identifier Price effective from Koha item type
          Digital Library Digital Library Online Access 27.01.2021   PM3002 .H6 1990 27.01.2021 https://muse.jhu.edu/book/74553/ 27.01.2021 eBook

OPENING HOURS

Weekdays: 0815hrs - 1800hrs
Weekends:0900hrs - 1200hrs

Closed for Mass:

Mon, Thur: 1200hrs - 1300hrs
Sunday & Public Holiday’s

CALL SUPPORT

0242-570570, 0242-570169
09200664, +263 8644140602

LOCATION

18443, Cranborne Avenue, Hatfield, Harare

Other Links


©2021 | CUZ Library